000 01207cad a22002535a 4500
001 E148880
008 091120e20091120xxkd f s 000 0 eng d
035 _a(Sirsi) u148880
041 0 _aeng
050 0 4 _a333.33 $2 18
110 2 _aRoyal Institution of Chartered Surveyors
_bEconomics
_95033
245 0 0 _aRICS global real estate weekly
_b20 November 2009
_h[electronic resource]
260 _aLondon
_bRICS
_c2009
490 0 _aRICS Global Real Estate Weekly
_v20 November 2009
520 _aSuggests that Hong Kong house prices are rebounding, fuelling renewed bubble worries, and predicts that housing activity in the UK will show a further increase. Also reports that French housing construction has rebounded smartly, and discusses an extension of tax credit which will provide further support for US housing
521 _aAdvanced
590 _aKA
650 2 4 _aRICS GLOBAL REAL ESTATE WEEKLY
651 4 _aInternational
690 _aBUILT ENVIRONMENT-CONSTRUCTION MARKET
690 _aPROPERTY-COMMERCIAL PROPERTY-COMMERCIAL PROPERTY MARKET
856 4 0 _uhttps://www.rics.org/site/scripts/download_info.aspx?fileID=5100
_zView the report free of charge at www.rics.org...
942 _n0
999 _c110270
_d110270